000 00316nam a22001457a 4500
008 210609b ||||| |||| 00| 0 eng d
020 _a0387070648
041 _aeng
080 _a61
082 _a61
100 _a3
101 _aSHM
245 _aManual of Endocrine Surgery
_cAnthony J. Edis
942 _2udc
_cBK
999 _c58112
_d58112